Asian Geography By Letter J - Picture Quiz - Statistics

General Stats
  • This quiz has been taken 549 times
  • The average score is 8 of 18
Answer Stats
Picture Hint Answer % Correct
(island) Java
90%
(religion) Judaism
90%
(city) Jerusalem
86%
(river) Jordan
72%
(city) Jakarta
69%
(ethnic group) Jews
63%
(religion) Jainism
60%
{Jeju} Island
49%
(animal) Jackal
48%
(ship) Junk
41%
(state) Jammu and Kashmir
40%
(language) Jin
32%
(city) Jeddah
30%
(province) Jilin
18%
(animal) Japanese Macaque
14%
(animal) Jaeger
4%
(animal) Jungle Cat
3%
(mountain) Jomolhari
0%
No matching quizzes found
Score Distribution
Percent of People with Each Score
Percentile by Number Answered
Your Score History
You have not taken this quiz